National NOW Times

Bibliographic Details
Format: eBook
Language:English
Published: Washington : National Organization for Women, 2004 -
Subjects:
Online Access:Acceso restringido

MARC

LEADER 00000nam a22000007a 4500
005 20141119134435.0
007 cr|||| ||||
008 141119c20049999us |||| s|||| 0|||a1eng d
022 |a 0149-4740 
035 |a 4429 
040 |a vLex 
090 |c 5299  |d 5299 
245 0 0 |a National NOW Times  |h [Recurso electrn̤ico] 
256 |a Servicio en ln̕ea 
260 |a Washington :  |b National Organization for Women,  |c 2004 -  
300 |a 1 recurso electrn̤ico 
362 |a Nm︢. 1 (2004) - 
506 1 |a Contenido disponible en los productos indicados  |d vLex Global  |d vLex Global (Academic Edition, excluding Law Schools)  |d vLex Global (U.S. Academic Edition, excluding Law Schools) 
650 0 4 |a Perid̤icos  |z Estados Unidos 
740 0 |a vLex Revistas (Servicio en ln̕ea) 
856 4 0 |u http://vlex.com/source/national-now-times-4429  |z Acceso restringido 
942 |c REV 
999 0 |a Newspapers